Bývanie s odretými ušami 1

Podrobná bibliografia
Hlavní autori: Hrnčár, Ivan (Autor), Háber, Stanislav, 1966- (Autor)
Médium: Článok
Jazyk:slovenčina
ISSN:0862-9567
Predmet:

MARC

LEADER 00000nab a2200000 a 4500
001 vtls000507975
003 SK-MaSNL
005 20260303003335.0
008 150430c xo 0 slo
015 |a SNBRB19rr/mm-uuuuu 
035 |a CL0508113 
040 |a SNKBUCL  |b slo  |c SNKBUCL  |e AACR2 
041 0 |a slo 
044 |a xo  |c SK 
080 |a 351.778.5(437.6)  |2 1981 
080 |a 332.8(437.6)  |2 1981 
100 1 |a Hrnčár, Ivan  |4 aut  |9 10893 
245 1 0 |a Bývanie s odretými ušami 1  |c Ivan Hrnčár, Stanislav Háber 
650 0 7 |a byty  |2 snkbucl  |9 3905 
650 0 7 |a bytová výstavba  |2 snkbucl  |9 3036 
650 0 7 |a bytová politika  |2 snkbucl  |9 20099 
655 7 |a články z novín a časopisov  |2 snkbucl  |9 267496 
700 1 |a Háber, Stanislav,  |d 1966-  |4 aut  |9 102624 
773 0 |t Hospodárske noviny  |g Roč. 2 (38), č. 10 (1994), s. 1 a 11  |x 0862-9567 
850 |a Slovenská národná knižnica v Martine  |a MTA001 
852 |a SNK  |b KIS3GCP 
958 |a RK 
958 |a SK 
992 |a RBX 
999 |c 1572300  |d 1574230